Harry Potter Name Game - Statistics

General Stats
  • This quiz has been taken 31 times
  • The average score is 107 of 333
Answer Stats
Hint Answer % Correct
Abbott Hannah
92%
Bagshot Bathilda
83%
Bell Katie
83%
Black Sirius
83%
Black Regulus
79%
Dumbledore Albus
71%
Diggory Cedric
71%
Dursley Dudley
71%
Delacour Fleur
71%
Black Narcissa
71%
Bones Susan
71%
Dursley Vernon
71%
Diggory Amos
67%
Dumbledore Ariana
67%
Navarro Bella
67%
Chang Cho
67%
Creevey Colin
67%
Thomas Dean
67%
Malfoy Draco
67%
Bryce | Longbottom Frank
67%
Potter Harry
67%
Potter James
67%
Evans Lily
67%
Malfoy Lucius
67%
Lovegood Luna
67%
Dursley Marg
67%
McGonagall Minerva
67%
Longbottom Neville
67%
Clearwater Penelope
67%
Evans Petunia
67%
Lupin Remus
67%
Weasley Ron
67%
Hagrid Rubeus
67%
Tonks Ted
67%
Lupin Teddy
67%
Krum Viktor
67%
Lovegood Xenophilius
67%
Dumbledore Aberforth
63%
Carrow Alecto
63%
Spinnet Alicia
63%
Plummly | Siggs | Weasley Arthur
63%
House Elf Dobby
63%
Greyback Fenrir
63%
Flitwick Filius
63%
Weasley Fred
63%
Delacour Gabrielle
63%
Osric | Weasley George
63%
Weasley Ginny
63%
Goyle Gregory
63%
Granger Hermione
63%
Slughorn Horace
63%
Brown Lavender
63%
Bagman Ludovic
63%
Bulstrode Millicent
63%
Prewett Molly
63%
Patil Padma
63%
Weasley Percy
63%
Skeeter Rita
63%
Snape Severus
63%
Crabbe Vincent
63%
Moody Alastor
58%
Johnson Angelina
58%
Filch Argus
58%
Black Bellatrix
58%
Weasley Bill
58%
Weasley Charlie
58%
Creevey Dennis
58%
Grindelwald Gellert
58%
Lockhart Gilderoy
58%
Gryffindor Godric
58%
Hufflepuff Helga
58%
Finch-Fletchley Justin
58%
Dumbledore Kendra
58%
Shacklebolt Kingsley
58%
House Elf Kreacher
58%
Gaunt Marvolo
58%
Gaunt Merope
58%
Scamander Newt
58%
Maxime Olympe
58%
Sprout Pomona
58%
Weasley-Granger Rose
58%
Slytherin Salazar
58%
Finnigan Seamus
58%
Boot Terry
58%
House Elf Winkie
58%
Bones Amelia
54%
Carrow Amycus
54%
Figg Arabella
54%
Crouch Barty Jr
54%
Crouch Barty Sr
54%
Zabini Blaise
54%
Burbage Charity
54%
McLaggen Cormac
54%
Thistlewood Helen
54%
Ravenclaw Helena
54%
Karkaroff Igor
54%
Jordan Lee
54%
Belby Marcus
54%
Cattermole | Macdonald | Portman Mary
54%
Fletcher Mundungus
54%
Wood Oliver
54%
Dumbledore | Graves | Rackham Percival
54%
Black Phineas
54%
Pomfrey | Sweeting Poppy
54%
Ravenclaw Rowena
54%
Scrimgeour Rufus
54%
Black Andromeda
50%
Goldstein Anthony
50%
Weasley-Granger Hugo
50%
Peverell Ignotus
50%
Gaunt Morfin
50%
De Mimsy-Porpington Nicholas
50%
Tonks Nymphadora
50%
Parkinson Pansy
50%
Quirrell Quirinus
50%
Malfoy Scorpius
50%
Trelawney Sybill
50%
Grubbly-Plank Wilhelmina
50%
Dolohov Antonin
46%
Doge Elphias
46%
MacMillan Ernie
46%
Rosier Evan
46%
Ollivander Garrick
46%
Thicknesse Pius
46%
Lestrange Rodolphus
46%
Davies Roger
46%
Shunpike Stanley
46%
Weasley Victoire
46%
Peverell Antioch
42%
Crickett | Greengrass Astoria
42%
Longbottom Augusta
42%
Ogden Bob
42%
Peverell Cadmus
42%
Binns Cuthbert
42%
Diggle Dedalus
42%
Prince Eileen
42%
Prewett Gideon
42%
Hopkirk Mafalda
42%
Corner Michael
42%
Lestrange Rabastan
42%
Cattermole Reginald
42%
Hooch Rolanda
42%
Vane Romilda
42%
Black Walburga
42%
Smith Zacharias
42%
Dippet Armando
38%
Prewett Fabian
38%
Edgecomb Marietta
38%
Black Orion
38%
Weasley Roxanne
38%
Runcorn Albert
33%
Hill | Rookwood Augustus
33%
Sinistra Aurora
33%
Jorkins Bertha
33%
Bode Broderick
33%
Cresswell Dirk
33%
Dawlish John
33%
Pemberton | Polkiss Piers
33%
Riddle Tom Sr
33%
Macnair Walden
33%
Smith Hepzibah
29%
Jones Hestia
29%
McKinnon Marlene
29%
Goldstein Queenie
29%
Podmore Sturgis
29%
Riddle Tom Jr
29%
Warbeck Celestina
25%
Potter Fleamont
25%
Jones Gwenog
25%
Sloper Jack
25%
Peakes Jimmy
25%
Weasley Lucy
25%
Gregorovitch Mykew
25%
Brown Thomas
25%
Goldstein Tina
25%
Twycross Wilkie
25%
Weasley Dominique
21%
Weasley Fred Jr
21%
Marchbanks Griselda
21%
Kowalski Jacob
21%
Weasley Louis
21%
Coote Ritchie
21%
Vector Septima
21%
Kirke | Larson Andrew
17%
Robins Demelza
17%
Meadowes Dorcas
17%
Vance Emmeline
17%
Potter Euphemia
17%
Sallow Sebastian
17%
Rowle Thorfinn
17%
Potter Albus Jr
13%
Black Cygnus
13%
Black Druella
13%
Lupin Hope
13%
Potter James Jr
13%
Potter Lily Jr
13%
Lupin Lyall
13%
Weasley Molly Jr
13%
Rosier Pandora
13%
Black Alphard
8%
Rookwood Charles
8%
Morrison Charlotte
8%
Beaumont Claire
8%
Barebone Credence
8%
Jackdaw Richard
8%
Rookwood Victor
8%
Barnes Ackley
4%
Coffey | Scribner Agnes
4%
Sallow | Thisbe Anne
4%
Bickle Archie
4%
Blackwood Artemisia
4%
Howin Bai
4%
Beaumont Bardolph
4%
Green Beatrice
4%
Ndiaye Bernard
4%
Mason Cassandra
4%
Barebone Chastity
4%
Kogawa Chiyo
4%
Hawksworth Cillian
4%
Blume Cressida
4%
Dunne Crispin
4%
Hecat Dinah
4%
Hobhouse Duncan
4%
Thistlewood Eddie
4%
Blackwood Eunon
4%
Bardsley Evangeline
4%
Clopton Everett
4%
Lawang Fatimah
4%
Moon Gladwin
4%
Grimmson Gunnar
4%
Heatherton Heath
4%
Morganach Isidora
4%
Bickle Johanna
4%
Shaw Langdon
4%
Everleigh Lenora
4%
Burbley Lethia
4%
Featherbottom | Fernsby Lottie
4%
Brattleby Lucan
4%
Barebone Mary Lou
4%
Garlick Mirabel
4%
Barebone Modesty
4%
Onai Natsai
4%
Fitzgerald Niamh
4%
Blainey Noreen
4%
Gaunt Ominis
4%
Dibble Otto
4%
Goblin Ranrock
4%
Bakar San
4%
Franklin Sophronia
4%
Rosier Vinda
4%
McDowell Violet
4%
Noke Zenobia
4%
Ronen Abraham
0%
Sharp Aesop
0%
Philbert Agabus
0%
Travers Ailsa
0%
Ricketts Alexandra
0%
Black Apollonia
0%
Stokes Benny
0%
Snelling Calliope
0%
Willardsey Clementine
0%
Rabe Dasiy
0%
House Elf Deek
0%
Sprottle Dorothy
0%
Philbert Dulcibella
0%
Bones Edger
0%
Bones Effie
0%
Figg Eleazar
0%
Morgan Elsie
0%
Wigley Ethel
0%
Weasley Garreth
0%
Ollivander Gerbold
0%
Pinch-Smedley Grace
0%
Zohu Gwendolyn
0%
Jenkins Hector
0%
Shaw Henry Jr
0%
Shaw Henry Sr
0%
Byrne Herodiana
0%
Reyes Imelda
0%
Cooper Isaac
0%
Rabe Isko
0%
Sehmi Jalal
0%
Trout Jasper
0%
Davies Lawrence
0%
Prewett Leander
0%
Babcocke Leopold
0%
Goblin Lodgok
0%
Blackwood Lysandra
0%
Pehlwaan Mahendra
0%
Weasley Matilda
0%
Figg Miriam
0%
Onai Mudiwa
0%
Oggspire Nellie
0%
Roberts Nerida
0%
Gaunt Noctua
0%
Treadwell Nora
0%
Haggarty Pádraic
0%
Pippin Parry
0%
House Elf Penny
0%
Strix Perdita
0%
Treadwell Priya
0%
Prakash Rohan
0%
Hill Rosie
0%
Oakes Rowland
0%
Singer Ruth
0%
Tugwood Sacharissa
0%
Dale Samantha
0%
Shah Satyavati
0%
House Elf Scrope
0%
Picquery Seraphina
0%
Selwyn Silvanus
0%
Sallow Solomon
0%
Thorne Tempeste
0%
Teasdale Timothy
0%
House Elf Tobbs
0%
Spitchwick Wigot
0%
No matching quizzes found
Score Distribution
Percent of People with Each Score
Percentile by Number Answered
Your Score History
You have not taken this quiz